000 00597 a2200181 4500
001 130691
020 _a85-02-01335-1
040 _cLeonardo Da Vinci
041 _aPortuguês
082 _a344.0102 C848a
_bC848a
100 _aCORREIA, Marcus Orione Gonçalves
245 _aAs ações coletivas e o direito do trabalho
260 _bSaraiva
_c1994
_aSão Paulo
300 _a135
362 _a19940000
697 _aDireito
_aDireito do trabalho
_aLegislação
_aLeis
_aJustiça do trabalho
_aDireito processual
_aProcesso trabalhista
_aAção civil
_aAção coletiva
_aBrasil
_aFIPEN
942 _cBK
999 _c130691
_d130691